តេជោដំឌិន : (Record no. 8084)
[ view plain ]
| 000 -LEADER | |
|---|---|
| fixed length control field | 03158nam a22002897a 4500 |
| 001 - CONTROL NUMBER | |
| control field | 8084 |
| 003 - CONTROL NUMBER IDENTIFIER | |
| control field | FISKH |
| 005 - DATE AND TIME OF LATEST TRANSACTION | |
| control field | 20250822095510.0 |
| 008 - FIXED-LENGTH DATA ELEMENTS--GENERAL INFORMATION | |
| fixed length control field | 250822b cb ||||| |||| 00| 0 eng d |
| 040 ## - CATALOGING SOURCE | |
| Original cataloging agency | FISKH |
| Language of cataloging | khr |
| Transcribing agency | FISKH |
| Modifying agency | FISKH |
| 050 ## - LIBRARY OF CONGRESS CALL NUMBER | |
| Classification number | PZ7 |
| 082 ## - DEWEY DECIMAL CLASSIFICATION NUMBER | |
| Classification number | 900 |
| 100 ## - MAIN ENTRY--PERSONAL NAME | |
| Personal name | Thai Ly, Ly |
| 245 ## - TITLE STATEMENT | |
| Title | តេជោដំឌិន : |
| Remainder of title | Techo Damdin / |
| Statement of responsibility, etc. | រៀបរៀងដោយ លី ថៃលី ,អត្ថបទជាភាសាអង់គ្លេសដោយ អូផិនធីម |
| 260 ## - PUBLICATION, DISTRIBUTION, ETC. | |
| Place of publication, distribution, etc. | ភ្នំពេញ : |
| Name of publisher, distributor, etc. | រោងពុម្ព ពេជ្រណែត , |
| 300 ## - PHYSICAL DESCRIPTION | |
| Extent | 24 pages : |
| Other physical details | color illustrations ; |
| Dimensions | 25 cm . |
| 505 ## - FORMATTED CONTENTS NOTE | |
| Formatted contents note | P <br/> |
| 520 ## - SUMMARY, ETC. | |
| Summary, etc. | ព្រះបាទអាទិត្យវង្សាបាននាំមហេសីទៅក្រសាលព្រៃ ហើយមហេសីក៏ប្រសូតបុត្រជាស៊ុតមួយនៅកណ្តាលព្រៃ។ក្រោយមកក៏មានឈ្មួញចល័តបានរើសយកស៊ុតនោះ ប៉ុន្មានថ្ងៃក្រោយមកស៊ុតក៏ញាស់ ដោយដាក់ឈ្មោះថា រោង។ ថ្លែងពី សុវណ្ណរង្សីដែលជាបុត្រសេដ្ឋី មានប្រពន្ធពីរនាក់ ហើយគេក៏ចាប់ចិត្តប្រតិព័ទ្ធនឺងអ្នកម្នាង យីកា។ គេក៏បានរាយមន្តសណ្តំចាប់យកអ្នកម្នាងយកទៅក្នុងព្រៃស្ងាត់។ ក្រោយមកសុវណ្ណរង្សីក៏បានយកភរិយាទាំងបីទៅគាល់ព្រះមហាឧរាជ ។ សុវណ្ណរង្សីបានធ្វើសង្គ្រាមជាច្រើនលើកច្រើនសារ ដូច្នេះហើយ ព្រះមហាឧរាជក៏អោយគេរៀបចំធ្វើពិធីសម្ពោធតំឡើងងារដល់ សុវណ្ណរង្សី ថា តេជោដំឌិន ។ |
| 520 ## - SUMMARY, ETC. | |
| Summary, etc. | King Atitavongsa took his queen into the forest, and there she gave birth to a son in the form of an egg in the middle of the jungle. Later, a traveling merchant found the egg and took it. A few days later, the egg hatched, and the boy was named Rong.<br/><br/>The story also tells of Sovann Ransi, the son of a wealthy man, who had two wives. He then fell in love with Lady Yika. He used magical spells to capture her and take her into a quiet forest.<br/><br/>Later, Sovann Ransi brought all three of his wives to meet the Great King (Preah Maha Ureach). Sovann Ransi fought in many battles. Because of this, the Great King arranged a grand ceremony to bestow upon Sovann Ransi the noble title of "Techo Domden." |
| 521 8# - TARGET AUDIENCE NOTE | |
| Target audience note | 650 <br/> |
| Source | Lexile estimate <br/> |
| 521 8# - TARGET AUDIENCE NOTE | |
| Target audience note | P <br/> |
| Source | Raz-Plus <br/> |
| 650 ## - SUBJECT ADDED ENTRY--TOPICAL TERM | |
| Topical term or geographic name entry element | តេជោដំឌិន |
| 650 ## - SUBJECT ADDED ENTRY--TOPICAL TERM | |
| Topical term or geographic name entry element | Decho Damdin |
| 700 ## - ADDED ENTRY--PERSONAL NAME | |
| Personal name | San, Thai |
| Relator term | Illustrator |
| 942 ## - ADDED ENTRY ELEMENTS (KOHA) | |
| Source of classification or shelving scheme | Dewey Decimal Classification |
| Koha item type | Khmer Books |
| Suppress in OPAC | No |
| Withdrawn status | Lost status | Source of classification or shelving scheme | Damaged status | Not for loan | Collection | Home library | Current library | Shelving location | Date acquired | Total Checkouts | Full call number | Barcode | Date last seen | Copy number | Price effective from | Koha item type |
|---|---|---|---|---|---|---|---|---|---|---|---|---|---|---|---|---|
| Dewey Decimal Classification | Khmer-English Bilingual / ភាសាខ្មែរ-អង់គ្លេស | Footprints International School Library Network Toul Tom Poung Campus | Footprints International School Library Network Toul Tom Poung Campus | TTP Primary Khmer Bookshelves | 08/22/2025 | THA PZ7 900 | 2025-4204 | 08/22/2025 | 1 | 08/22/2025 | Khmer Books | |||||
| Dewey Decimal Classification | Khmer-English Bilingual / ភាសាខ្មែរ-អង់គ្លេស | Footprints International School Library Network Toul Tom Poung Campus | Footprints International School Library Network Toul Tom Poung Campus | TTP Primary Khmer Bookshelves | 12/05/2025 | THA PZ7 900 | 2025-5066 | 12/05/2025 | 2 | 12/05/2025 | Khmer Books | |||||
| Dewey Decimal Classification | Khmer-English Bilingual / ភាសាខ្មែរ-អង់គ្លេស | Footprints International School Library Network Toul Tom Poung Campus | Footprints International School Library Network Toul Tom Poung Campus | TTP Primary Khmer Bookshelves | 04/09/2026 | THA PZ7 900 | 2026-0488 | 04/09/2026 | 3 | 04/09/2026 | Khmer Books | |||||
| Dewey Decimal Classification | Khmer-English Bilingual / ភាសាខ្មែរ-អង់គ្លេស | Footprints International School Library Network Toul Tom Poung Campus | Footprints International School Library Network Toul Tom Poung Campus | TTP Primary Khmer Bookshelves | 04/22/2026 | THA PZ7 900 | 2026-0527 | 04/22/2026 | 4 | 04/22/2026 | Khmer Books |
